La protección de productos farmacéuticos y agroquímicos ('Productos Regulados') en DR-CAFTA /

Gorde:
Xehetasun bibliografikoak
Egile nagusia: Correa, Carlos
Formatua: Texto
Gaiak:
Etiketak: Etiketa erantsi
Etiketarik gabe, Izan zaitez lehena erregistro honi etiketa jartzen!

MARC

LEADER 00000 a a2200000 04500
001 13118
003
040
100 |a Correa, Carlos  
245 |a La protección de productos farmacéuticos y agroquímicos ('Productos Regulados') en DR-CAFTA /  |c Carlos Correa 
650 |a SALUD PUBLICA  
650 |a TLC  
650 |a ESTADOS UNIDOS  
650 |a AMERICA LATINA  
773 |g volumen 7, número 5; páginas 11-14  
999 |c 36272  |d 36272